000 00476nam a2200157 i 4500
001 25231
003 ES-MaACL
005 20230906153222.0
007 t|
008 021223q19001999sp ||||1| spa d
100 1 _aArán, Santos.
_922237
245 1 0 _aGanadería práctica
_b: cultivos forrajeros y alimentación del ganado /
_cpor Santos Arán.
260 _aMadrid :
_b[s.n.,
_c19--?] (
_fHuelves y Cía.)
300 _a398 p. :
_bil. ;
_c22 cm.
852 _aES-MaACL
_jA-481
999 _c25231
_d25231